Microsoft SharePoint 2003 unleashed / (Record no. 176430)
[ view plain ]
| 000 -LEADER | |
|---|---|
| fixed length control field | 00996 a2200241 4500 |
| 003 - CONTROL NUMBER IDENTIFIER | |
| control field | Nust |
| 005 - DATE AND TIME OF LATEST TRANSACTION | |
| control field | 20220803133326.0 |
| 010 ## - LIBRARY OF CONGRESS CONTROL NUMBER | |
| LC control number | 2005928895 |
| 020 ## - INTERNATIONAL STANDARD BOOK NUMBER | |
| International Standard Book Number | 8129706954 |
| 040 ## - CATALOGING SOURCE | |
| Transcribing agency | Nust |
| 082 00 - DEWEY DECIMAL CLASSIFICATION NUMBER | |
| Classification number | 004.682,LAN |
| 100 1# - MAIN ENTRY--PERSONAL NAME | |
| Personal name | Spence, Colin. |
| 9 (RLIN) | 96443 |
| 245 10 - TITLE STATEMENT | |
| Title | Microsoft SharePoint 2003 unleashed / |
| Statement of responsibility, etc. | Colin Spence, Michael Noel. |
| 250 ## - EDITION STATEMENT | |
| Edition statement | 2nd ed. |
| 260 ## - PUBLICATION, DISTRIBUTION, ETC. | |
| Place of publication, distribution, etc. | Indianapolis, Ind. : |
| Name of publisher, distributor, etc. | Sams, |
| Date of publication, distribution, etc. | c2006. |
| 300 ## - PHYSICAL DESCRIPTION | |
| Extent | xxv, 787 p. : |
| Other physical details | ill. ; |
| Dimensions | 23 cm. |
| 505 ## - FORMATTED CONTENTS NOTE | |
| Formatted contents note | Sharepoint Overview (Page-3),Transforming Business Goals And Processing Into A Sharepoint Design (Page-99), Installation, Configuration And Management Of A Sharepoint Environment (Page-201), Implementing Sharepoint Technologies (Page-499), Expanding The Use Of Sharepoint Technologies Throughout The Enterprise (Page-767). |
| 650 #0 - SUBJECT ADDED ENTRY--TOPICAL TERM | |
| Topical term or geographic name entry element | Intranets (Computer networks) |
| 9 (RLIN) | 96444 |
| 650 #0 - SUBJECT ADDED ENTRY--TOPICAL TERM | |
| Topical term or geographic name entry element | Web servers. |
| 9 (RLIN) | 95902 |
| 700 1# - ADDED ENTRY--PERSONAL NAME | |
| Personal name | Langfeld, Lynn. |
| 9 (RLIN) | 96445 |
| 700 1# - ADDED ENTRY--PERSONAL NAME | |
| Personal name | Noel, Michael. |
| 9 (RLIN) | 96446 |
| 942 ## - ADDED ENTRY ELEMENTS (KOHA) | |
| Source of classification or shelving scheme | |
| Koha item type | Book |
| Call number prefix | 004.682,LAN |
| Withdrawn status | Lost status | Source of classification or shelving scheme | Damaged status | Not for loan | Permanent Location | Current Location | Shelving location | Date acquired | Full call number | Barcode | Date last seen | Price effective from | Koha item type | Public note |
|---|---|---|---|---|---|---|---|---|---|---|---|---|---|---|
| Military College of Signals (MCS) | Military College of Signals (MCS) | General Stacks | 12/12/2016 | 004.682,LAN | MCS31129 | 12/08/2016 | 12/12/2016 | Book | Almirah No. 4, Shelf No. 2 |
